| 000 | 00788nam a2200229 a 4500 | ||
|---|---|---|---|
| 005 | 20200104041520.0 | ||
| 008 | 140227b1995 gw d|||fr|||| 00| 0 spa d | ||
| 040 |
_aCO-BoIAVH _cCO-BoIAVH |
||
| 041 | 0 | _aspa | |
| 044 | _agx | ||
| 082 | 0 | 4 |
_a361.61072 _bG57l |
| 110 |
_bGobierno Federal Alemán. Departamento de Prensa e Información _911815 |
||
| 245 | _aLineamientos del Gobierno Federal Alemán para América Latina | ||
| 260 |
_aBonn (Alemania) : _bGobierno Federal Alemán ; _c1995. |
||
| 300 |
_a43 páginas _bgráficas _c21 x 15 cm. |
||
| 650 |
_aCooperación internacional _987641 |
||
| 650 |
_aCooperación tecnológica _94452 |
||
| 650 |
_aCooperación científica _94388 |
||
| 650 |
_aDesarrollo sostenible _9278 |
||
| 650 |
_aMedio ambiente _992195 |
||
| 942 |
_cLIBRO _2ddc |
||
| 999 |
_c1330 _d1330 |
||